| 000 | 01371nam a2200313 i 4500 | ||
|---|---|---|---|
| 001 | 177392 | ||
| 003 | ES-MaACL | ||
| 005 | 20230907123350.0 | ||
| 008 | 110321s2009 sp aco |||| |dspa d | ||
| 017 | _aM-52189-2009 | ||
| 080 | _a061.233(460.27 M.) | ||
| 080 | _a323.281(460)"1939/75" | ||
| 080 | _a929:343.811(460)"1939/75" | ||
| 080 | _a323.25/.26(460)"1939/75" | ||
| 245 | 0 | 3 |
_aLa lucha por la libertad / _cAsociación de Ex-presos y Represaliados Políticos Antifranquistas de Madrid, con la colaboración de la Coordinadora de Asociaciones de Expresos de las distintas comunidades. |
| 250 | _a1ª ed. | ||
| 260 |
_aMadrid : _bAsociación de Expresos y Represaliados Políticos Antifranquistas, _c2009. |
||
| 300 |
_a301 p. : _bil., fot. ; _c24 cm. |
||
| 504 | _aBibliografía: p. 301. | ||
| 610 | 2 | 4 |
_aAsociación de Expresos y Represaliados Políticos Antifranquistas. _9145751 |
| 650 | 7 |
_aRepresión política- _zEspaña- _y1939-1975. _9145752 |
|
| 650 | 7 |
_aPresos políticos- _zEspaña- _y1939-1975. _916394 |
|
| 650 | 7 |
_aResistencia al gobierno- _zEspaña- _y1939-1975. _9145754 |
|
| 710 | 2 |
_aAsociación de Expresos y Represaliados Políticos Antifranquistas. _9145751 |
|
| 852 | 4 |
_aES-MaACL _9184210 _bR.145545 _jA-11055 _dOlim:N-4060 _cDEPO1 |
|
| 942 |
_2udc _cMONOGRAFIA |
||
| 999 |
_c177392 _d177392 |
||